000 00621pam a2200205 a 4500
001 4962576
005 20241106160701.0
008 970529s1998 maua 001 0 eng
020 _a9780256211405
050 0 0 _aQA76.575
_b.B54 1998
082 0 0 _a004
_221
100 1 _aBlank, Glenn.
245 1 4 _aThe universal machine :
_ba multimedia introduction to computing /
_cGlenn Blank, Robert Barnes.
260 _aBoston, Mass :
_bMcGraw Hill,
_c1998.
300 _axix, 556 p. :
_bill. ;
_c24 cm.
500 _aIncludes index.
650 0 _aMultimedia systems.
700 1 _aBarnes, Robert
_q(Robert F.)
942 _2lcc
_cBK
_n0
999 _c727
_d727